000 00833nam a2200265 i 4500
001 000010595
003 DO-SdBNP
005 20240412074219.0
007 ta
008 091008s1988 dr 000 0 spa d
040 _aDO-SdBNP
_bspa
_cBNPHU
_erda
082 4 _aRD861.44
_bP387e
_222
100 1 _aPellerano Blandino, Nelson E.
_925672
_eautor
245 1 0 _aEn voz alta /
_cNelson E. Pellerano Blandino.
264 _aSanto Domingo :
_bCODIA,
_c1988.
300 _a219 páginas ;
_c21 cm.
336 _2rdacontent
_atexto
_btxt
337 _2rdamedia
_asin mediación
_bn
338 _2rdacarrier
_avolumen
_bnc
590 _aInventariado, 2023/BT
650 4 _aPoesía dominicana
_966
650 0 _aLiteratura dominicana.
_967
710 2 _aColegio Dominicano de Ingenieros, Arquitectos y Agrimensores
_925673
942 _2ddc
_cLBS1
999 _c10353
_d10353